| 000 | 00697nam a2200217 a 4500 | ||
|---|---|---|---|
| 005 | 20231109063608.0 | ||
| 008 | 991125s1995 es 000 0 spa u | ||
| 020 | _a8487118038 | ||
| 035 | _aUPN01000003951 | ||
| 049 | _aCG | ||
| 050 | 4 |
_aLB1028 _bG3.26 1995 |
|
| 100 | 1 | _aGarcía, J. Eduardo | |
| 245 | 1 | 0 |
_aAprender investigando : _buna propuesta metodológica basada en la investigación / _cJ. Eduardo García, Francisco F. García. |
| 250 | _a3a ed. | ||
| 260 |
_aSevilla, Esp. : _bDíada, _c1995. |
||
| 300 | _a93 p. | ||
| 440 | 0 |
_aInvestigación y enseñanza. _pPráctica ; _v2 |
|
| 650 | 2 |
_aInvestigación en el aula _919111 |
|
| 700 | 1 |
_aGarcía, Francisco F., _ecoaut. |
|
| 905 | _aLibro | ||
| 999 |
_c3951 _d3951 |
||